<?xml version="1.0" encoding="UTF-8"?>
<record
    xmlns:xsi="http://www.w3.org/2001/XMLSchema-instance"
    xsi:schemaLocation="http://www.loc.gov/MARC21/slim http://www.loc.gov/standards/marcxml/schema/MARC21slim.xsd"
    xmlns="http://www.loc.gov/MARC21/slim">

  <leader>00814nam0a22002291  4500</leader>
  <controlfield tag="001">v19\rc\2105790</controlfield>
  <controlfield tag="005">20260407121940.0</controlfield>
  <datafield tag="035" ind1=" " ind2=" ">
    <subfield code="a">(NLR Aleph) 005178483</subfield>
  </datafield>
  <datafield tag="090" ind1=" " ind2=" ">
    <subfield code="a">5117649</subfield>
    <subfield code="c">5117649</subfield>
  </datafield>
  <datafield tag="100" ind1=" " ind2=" ">
    <subfield code="a">20090914d1827    |||y0rusy50      ca</subfield>
  </datafield>
  <datafield tag="101" ind1="0" ind2=" ">
    <subfield code="a">rus</subfield>
  </datafield>
  <datafield tag="102" ind1=" " ind2=" ">
    <subfield code="a">RU</subfield>
  </datafield>
  <datafield tag="105" ind1=" " ind2=" ">
    <subfield code="a">y   z   |||||</subfield>
  </datafield>
  <datafield tag="200" ind1="1" ind2=" ">
    <subfield code="a">&#x41F;&#x440;&#x430;&#x432;&#x438;&#x43B;&#x430; &#x434;&#x43B;&#x44F; &#x43E;&#x431;&#x443;&#x447;&#x435;&#x43D;&#x438;&#x44F; &#x446;&#x435;&#x43B;&#x44C;&#x43D;&#x43E;&#x439; &#x441;&#x442;&#x440;&#x435;&#x43B;&#x44C;&#x431;&#x435; &#x438;&#x437; &#x440;&#x443;&#x436;&#x44C;&#x44F;</subfield>
    <subfield code="f">&#x418;&#x437;&#x434;&#x430;&#x43D;&#x44B; &#x43F;&#x440;&#x438; &#x413;&#x43B;. &#x428;&#x442;&#x430;&#x431;&#x435; 1-&#x439; &#x410;&#x440;&#x43C;&#x438;&#x438;</subfield>
  </datafield>
  <datafield tag="210" ind1=" " ind2=" ">
    <subfield code="a">&#x411;.&#x43C;.</subfield>
    <subfield code="c">&#x442;&#x438;&#x43F;. &#x428;&#x442;&#x430;&#x431;&#x430; &#x413;&#x432;&#x430;&#x440;&#x434;&#x435;&#x439;&#x441;&#x43A;&#x43E;&#x433;&#x43E; &#x43A;&#x43E;&#x440;&#x43F;&#x443;&#x441;&#x430;</subfield>
    <subfield code="d">1827</subfield>
  </datafield>
  <datafield tag="215" ind1=" " ind2=" ">
    <subfield code="a">[2], 28 &#x441;.</subfield>
    <subfield code="d">18</subfield>
  </datafield>
  <datafield tag="740" ind1=" " ind2="1">
    <subfield code="a">&#x420;&#x43E;&#x441;&#x441;&#x438;&#x44F;</subfield>
    <subfield code="t">&#x412;&#x43E;&#x435;&#x43D;&#x43D;&#x44B;&#x435; &#x443;&#x441;&#x442;&#x430;&#x432;&#x44B; &#x438; &#x43D;&#x430;&#x441;&#x442;&#x430;&#x432;&#x43B;&#x435;&#x43D;&#x438;&#x44F;</subfield>
    <subfield code="3">RU\NLR\AUTH\889957977</subfield>
    <subfield code="9">412039</subfield>
  </datafield>
  <datafield tag="801" ind1=" " ind2="0">
    <subfield code="a">RU</subfield>
    <subfield code="b">NLR</subfield>
    <subfield code="g">psbo</subfield>
  </datafield>
  <datafield tag="801" ind1=" " ind2="1">
    <subfield code="a">RU</subfield>
    <subfield code="b">ProSoft-M</subfield>
    <subfield code="2">rusmarc</subfield>
  </datafield>
  <datafield tag="852" ind1=" " ind2=" ">
    <subfield code="a">NLR</subfield>
    <subfield code="j">18.279.1.374</subfield>
  </datafield>
  <datafield tag="942" ind1=" " ind2=" ">
    <subfield code="c">BOOK</subfield>
  </datafield>
  <datafield tag="980" ind1=" " ind2=" ">
    <subfield code="a">NB</subfield>
  </datafield>
  <datafield tag="995" ind1=" " ind2=" ">
    <subfield code="5">2013-10-26</subfield>
    <subfield code="b">NLR02</subfield>
    <subfield code="c">NLR02</subfield>
    <subfield code="e">RFS</subfield>
    <subfield code="f">5178483-10</subfield>
    <subfield code="k">18.279.1.374</subfield>
    <subfield code="o">0</subfield>
    <subfield code="r">BOOK</subfield>
    <subfield code="s">182791374_</subfield>
  </datafield>
</record>
